000 00225 a2200097 4500
001 30419
100 _aWaley, Arthur
245 _aThe No plays of Japan
260 _aLondon
_bGeorge Allen and Unwin
_c
090 _c20370
_d20370
942 _aNUST-CAE
_cM
_c11526
999 _c265492
_d265492